01921nam a2200445 i 450000100060000000300080000600500170001400600190003100700150005000800410006502000270010603500230013303500240015603500250018003500220020504000310022705000190025808000100027708200190028724503220030626400490062830000430067733600310072033700330075133800430078450000230082758801260085065000270097665000290100365000250103265000270105765500270108470000510111170000480116270000570121070000480126770000510131570000470136685600620141351747FlNmELB20241216232332.0m o d | cr cnu||||||||141005s2008 cu o 001 0 spa d a9789591604095 (e book) a(MiAaPQ)EBC3176557 a(Au-PeEL)EBL3176557 a(CaPaEBR)ebr10268762 a(OCoLC)1010616178 aFINmELBbspaerdacFINmELB 4aPZ5bT253 2008 a82-930 a808.89928222300aTe voy a regalar :blos niños y las niñas por el medio ambiente /ccompiladors Rosa M. Rodríguez Fernández y Susana Carralero Rodríguez ; composición Bárbara Fuentes Herrera y Yoneidis Hernández Pérez ; edición electrónica Luz María Rodríguez Cabral ; diseño de cubierta Wilkie Villalón. 1aLa Habana :bEditorial Universitaria,c2008. a1 recurso en línea (i, 40 páginas) atextobtxt2rdacontent/spa acomputadorabc2rdamedia/spa arecurso en líneabcr2rdacarrier/spa aContiene índice. aDescripción basada en recurso en línea; Título de la página del título en PDF (e-libro, visto october 5, 2014). 0aChildren's literature. 0aEnvironmental education. 4aLiteratura infantil. 4aEducación ambiental. 4aLibros electrónicos.1 aRodríguez Fernández, Rosa M.,ecompilador.1 aCarralero Rodríguez, Susana,ecompilador.1 aRodríguez Cabral, Luz María,eedición digital.1 aFuentes Herrera, Bárbara,ecomposición.1 aHernández Pérez, Yoneidis,ecomposición.1 aVillalón, Wilkie,eDiseño de cubierta.40uhttps://elibro.net/ereader/politecnicointernacional/72093